[Event "Maitrise op"]
[Site "Montreal"]
[Date "1996.??.??"]
[Round "4"]
[White "Hamel, Jean Claude"]
[Black "Balogh, Alex"]
[Result "1-0"]
[WhiteElo "1775"]
[BlackElo "1890"]
[PlyCount "38"]
[EventDate "1996.??.??"]
[EventType "swiss"]
[EventRounds "6"]
[EventCountry "CAN"]
[SourceTitle "EXT 1999"]
[Source "ChessBase"]
[SourceDate "1998.11.16"]
[SourceVersion "1"]
[SourceVersionDate "1998.11.16"]
[SourceQuality "1"]

1. e4 c5 2. Nf3 Nc6 3. g3 Nf6 4. d3 d5 5. Nbd2 Bg4 6. h3 Bh5 7. Be2 e6 8. c3 Qc7 9. Nh4 Bxe2 10. Qxe2 0-0-0 11. f4 g6 12. Ndf3 Nh5 13. Kf2 h6 14. e5 Be7 15. d4 g5 16. Ng2 gxf4 17. Nxf4 Ng7 18. g4 h5 19. Be3 Rh7 1-0

[Event "Maitrise op"]
[Site "Montreal"]
[Date "1996.??.??"]
[Round "5"]
[White "Lacroix, Serge"]
[Black "Hamel, Jean Claude"]
[Result "1-0"]
[WhiteElo "1940"]
[BlackElo "1775"]
[PlyCount "63"]
[EventDate "1996.??.??"]
[EventType "swiss"]
[EventRounds "6"]
[EventCountry "CAN"]
[SourceTitle "EXT 1999"]
[Source "ChessBase"]
[SourceDate "1998.11.16"]
[SourceVersion "1"]
[SourceVersionDate "1998.11.16"]
[SourceQuality "1"]

1. e4 e5 2. Nf3 Nc6 3. Bb5 a6 4. Ba4 Nf6 5. 0-0 Be7 6. Re1 d6 7. c3 0-0 8. h3 Nd7 9. d4 b5 10. Bc2 Nb6 11. Nbd2 f6 12. Nf1 Na5 13. b3 Be6 14. Be3 c5 15. d5 Bf7 16. Qd2 Nb7 17. g4 a5 18. Ng3 g6 19. Bd3 Be8 20. Qe2 b4 21. c4 a4 22. h4 Bd7 23. Nh2 Qc8 24. f4 f5 25. gxf5 exf4 26. Bxf4 Bxh4 27. Qg4 Bf6 28. Rab1 Bg7 29. Qg5 Bf6 30. Qh6 Bg7 31. Qh4 gxf5 32. exf5 1-0

[Event "Quebec op"]
[Site "Montreal"]
[Date "1990.08.04"]
[Round "1"]
[White "Duong, Thanh Nha"]
[Black "Hamel, Jean Claude"]
[Result "1-0"]
[WhiteElo "2224"]
[BlackElo "1917"]
[PlyCount "93"]
[EventDate "1990.08.04"]
[EventType "swiss"]
[EventRounds "8"]
[EventCountry "CAN"]
[SourceTitle "EXT 2022"]
[Source "ChessBase"]
[SourceDate "2021.10.06"]
[SourceVersion "1"]
[SourceVersionDate "2021.10.06"]
[SourceQuality "1"]

1. Nf3 Nf6 2. c4 d6 3. Nc3 g6 4. g3 Bg7 5. Bg2 0-0 6. d4 Nbd7 7. 0-0 e5 8. e3 c6 9. b3 e4 10. Nd2 d5 11. cxd5 cxd5 12. Ba3 Re8 13. Rc1 Qa5 14. Bd6 Re6 15. b4 Qb6 16. Bc5 Nxc5 17. bxc5 Qd8 18. Qb3 b6 19. Na4 Ba6 20. Rfe1 Rc8 21. Bh3 Rcc6 22. Bxe6 Rxe6 23. cxb6 axb6 24. Qc2 Ne8 25. Nc3 Bf8 26. Qb3 Nc7 27. a4 h5 28. Nb5 Ne8 29. Qc3 Bb7 30. f3 h4 31. f4 hxg3 32. hxg3 g5 33. Re2 Qd7 34. Nf1 Rg6 35. Rcc2 gxf4 36. exf4 Qg4 37. Rg2 Bg7 38. Qd2 Qd7 39. Ne3 f5 40. g4 fxg4 41. f5 Rg5 42. Rxg4 Rxg4+ 43. Nxg4 Qxf5 44. Nh6+ Bxh6 45. Qxh6 Ng7 46. Rg2 Qf7 47. Nd6 1-0